Library Banner

Naseer (Record no. 85969)

MARC details
000 -LEADER
fixed length control field 00397nam a22001577a 4500
005 - DATE AND TIME OF LATEST TRANSACTION
control field 20160428114420.0
008 - FIXED-LENGTH DATA ELEMENTS--GENERAL INFORMATION
fixed length control field 160428b xxu||||| |||| 00| 0 eng d
040 ## - CATALOGING SOURCE
Transcribing agency PK-LaUMT
082 ## - DEWEY DECIMAL CLASSIFICATION NUMBER
Classification number AMC 962.050924
Item number JOA-N
100 ## - MAIN ENTRY--PERSONAL NAME
Personal name Joachim Joesten
245 ## - TITLE STATEMENT
Title Naseer
Remainder of title the rise to power
Statement of responsibility, etc Joachim Joesten
260 ## - PUBLICATION, DISTRIBUTION, ETC. (IMPRINT)
Place of publication, distribution, etc London
Name of publisher, distributor, etc Odhams
Date of publication, distribution, etc 1960
300 ## - PHYSICAL DESCRIPTION
Extent 224 p.
546 ## - LANGUAGE NOTE
Language note (English)
942 ## - ADDED ENTRY ELEMENTS (KOHA)
Koha item type Books
Holdings
Withdrawn status Lost status Damaged status Home library Current library Date acquired Full call number Barcode Date last seen Price effective from Koha item type
      UMT Main Campus UMT Main Campus 2016-04-28 AMC 962.050924 JOA-N 99497 2016-04-28 2016-04-28 Books